Deutsche Städte mit weniger als 100.000 Einwohnern - Sudden Death - Statistiken

Allgemein
  • Dieses Quiz wurde 124 mal gespielt
  • Das Durchschnittsergebnis liegt bei 10 aus 16
Answers on the Grid
Answers color-coded by a green-red scale on the quiz's grid according to % correct below.
Bamberg
Worms
Brandenburg an der Havel
Dessau-Roßlau
Gießen
Rosenheim
Konstanz
Plauen
Detmold
Iserlohn
Ludwigsburg
Weimar
Siegen
Recklinghausen
Koblenz
Erlangen
Wolfsburg
Jena
Wilhelmshaven
Solingen
Leverkusen
Regensburg
Halle (Saale)
Potsdam
Darmstadt
Heilbronn
Herne
Neumünster
Schwerin
Zwickau
 
Antwortstatistiken
Antwort % Korrekt
Plauen
70%
Rosenheim
69%
Bamberg
68%
Detmold
66%
Iserlohn
66%
Wilhelmshaven
66%
Worms
66%
Neumünster
64%
Dessau-Roßlau
61%
Weimar
61%
Brandenburg an der Havel
60%
Schwerin
60%
Gießen
58%
Zwickau
56%
Konstanz
55%
Ludwigsburg
54%
Keine übereinstimmenden Quizze gefunden
Verteilung der Resultate
Anzahl Personen mit jedem Resultat
Perzentil nach korrekt beantworteten Fragen
Ihre Resultats-Entwicklung
Sie haben dieses Quiz noch nicht gespielt